000 00633nam a2200193 ar4500
001 2448
005 20221127090436.0
008 110209s xxka 00010|eng d
020 _a9781405812894 : :
_cSR93.00
082 0 4 _a428.2402465
_bL291 2008
100 1 _aLandsford, Lewis.
245 1 0 _aMarket leader :
_belementary business Englist test file /
_cLewis Landsford.
250 _a1st ed.
260 _aHarlow, England :
_bPearson/Financial Times,
_c2008.
300 _a44 p. ;
_c30 cm.
650 4 _aEnglish language
_xBusiness English.
650 4 _aEnglish language
_xStudy and teaching.
650 4 _aEnglish language
_vTextbooks.
999 _c2446
_d2446